| 000 -ლიდერი |
| ფიქსირებული სიგრძის საკონტროლო ველი |
01875nam a22002777a 4500 |
| 003 - საკონტროლო ნომრის იდენტიფიკატორი |
| საკონტროლო ველი |
Ge_BSU |
| 005 - ბოლო ოპერაციის თარიღი და დრო |
| საკონტროლო ველი |
20230201112131.0 |
| 008 - ფიქსირებული სიგრძის მონაცემთა ელემენტები - ზოგადი ინფორმაცია |
| ფიქსირებული სიგრძის საკონტროლო ველი |
230201s2014 ge ||||| |||| 00| 0 geo d |
| 020 ## - წიგნის საერთაშორისო სტანდარტული ნომერი |
| International Standard Book Number |
9789941934834 |
| 041 ## - ენის კოდი |
| Language code of text/sound track or separate title |
geo |
| 080 ## - უნივერსალური ათობითი კლასიფიკაციის ინდექსი |
| Universal Decimal Classification number |
347(430)(094.4) კ-85 |
| 100 ## - მთავარი ჩანაწერი - პიროვნების სახელი |
| Personal name |
კროფჰოლერი, იან |
| 9 (RLIN) |
16833 |
| 245 ## - ცნობა სათაურის შესახებ |
| Title |
გერმანიის სამოქალაქო კოდექსი : |
| Remainder of title |
სასწავლო კომენტარი / |
| Statement of responsibility, etc |
შეიმუშავა იან კროფჰოლერმა, ფლორიან იაკობმა და მიხაელ ფონ ჰინდენმა ; მთარგმნ.: თორნიკე დარჯანია, ზურაბ ჭეჭელაშვილი ; რედ.: ეთერ ჩაჩანიძე, თორნიკე დარჯანია, ლევან თოთლაძე ; GIZ, IRZ. |
| 250 ## - გამოცემის ცნობა |
| Edition statement |
მე-13 გადამუშავებული გამოცემა. |
| 264 ## - წარმოების, გამოცემის, დისტრიბუციის და სხვა ცნობები |
| გამოცემის, წარმოების, დისტრიბუციის... ადგილი |
თბილისი : |
| გამოცემის, წარმოების, დისტრიბუციის... სახელწოდება |
GIZ : IRZ, |
| გამოცემის, წარმოების, დისტრიბუციის... თარიღი |
2014. |
| 300 ## - ფიზიკური აღწერა |
| Extent |
903 გვ. ; |
| Other physical details |
25 სმ. |
| 653 ## - INDEX TERM--UNCONTROLLED |
| Uncontrolled term |
გერმანიის სამოქალაქო კოდექსი |
| 700 ## - ADDED ENTRY--PERSONAL NAME |
| Personal name |
იაკობი, ფლორიან |
| Relator term |
ავტორი. |
| 9 (RLIN) |
16834 |
| 700 ## - ADDED ENTRY--PERSONAL NAME |
| Personal name |
ჰინდენი, მიხაელ ფონ |
| Relator term |
ავტორი |
| 9 (RLIN) |
16835 |
| 700 ## - ADDED ENTRY--PERSONAL NAME |
| Personal name |
დარჯანია, თორნიკე |
| Relator term |
მთარგმნელი, რედაქტორი. |
| 9 (RLIN) |
8156 |
| 700 ## - ADDED ENTRY--PERSONAL NAME |
| Personal name |
ჭეჭელაშვილი, ზურაბ |
| Relator term |
მთარგმნელი. |
| 9 (RLIN) |
6408 |
| 700 ## - ADDED ENTRY--PERSONAL NAME |
| Personal name |
თოთლაძე, ლევან |
| Relator term |
რედაქტორი. |
| 9 (RLIN) |
16836 |
| 700 ## - ADDED ENTRY--PERSONAL NAME |
| Personal name |
ჩაჩანიძე, ეთერ |
| Relator term |
რედაქტორი |
| 9 (RLIN) |
16837 |
| 710 ## - ADDED ENTRY--CORPORATE NAME |
| Corporate name or jurisdiction name as entry element |
GIZ. IRZ. |
| 9 (RLIN) |
16838 |
| 942 ## - ADDED ENTRY ELEMENTS (KOHA) |
| Source of classification or shelving scheme |
|
| Koha item type |
წიგნი |